000
00248 a2200097 4500
020
_a
9781108002622
100
_a
George Gabriel Stokes
_9
25468
245
_a
Mathematical and Physical Papers
260
_b
Cambridge University Press
_c
2009
942
_c
TRB
999
_c
14795
_d
14795